书目信息 |
| 题名: |
青海热贡艺术/剪纸
|
|
| 作者: | 闻婷 编著 | |
| 分册: | ||
| 出版信息: | 长春 吉林出版集团有限责任公司 2019.1 |
|
| 页数: | 159页 | |
| 开本: | 24cm | |
| 丛书名: | 争奇斗艳的世界非物质文化遗产 | |
| 单 册: | ||
| 中图分类: | J196.21 , J528.1 | |
| 科图分类: | ||
| 主题词: | 喇嘛宗--宗教艺术--介绍--青海省 , 剪纸--民间工艺--青海省 | |
| 电子资源: | ||
| ISBN: | 978-7-5534-5056-8 | |
| 000 | 01088nam 2200301 45 | |
| 001 | 012001000572 | |
| 005 | 20130909094240.0 | |
| 010 | @a978-7-5534-5056-8@dCNY27.80 | |
| 099 | @aCAL 012015079554 | |
| 100 | @a20141125d2014 em y0chiy0110 ea | |
| 101 | 0 | @achi |
| 102 | @aCN@b220000 | |
| 105 | @aa z 000yy | |
| 106 | @ar | |
| 200 | 1 | @a青海热贡艺术/剪纸@f闻婷编著@Aqing hai re gong yi shu / jian zhi |
| 210 | @a长春@c吉林出版集团有限责任公司@d2019.1 | |
| 215 | @a159页@c彩图@d24cm | |
| 225 | 2 | @a争奇斗艳的世界非物质文化遗产@Azheng qi dou yan de shi jie fei wu zhi wen hua yi chan@e彩图版@v9 |
| 314 | @a书脊题: 闻婷编著 | |
| 330 | @a本书包括热贡艺术是独具一格的民族艺术、热贡艺术——徘徊在古典与现代之间、唐卡是热贡艺术中最绚丽的风景、剪纸——中国最古老的民间艺术之一等内容。 | |
| 461 | 0 | @12001 @a争奇斗艳的世界非物质文化遗产 |
| 606 | 0 | @a喇嘛宗@x宗教艺术@x介绍@y青海省 |
| 606 | 0 | @a剪纸@x民间工艺@y青海省 |
| 690 | @aJ196.21@v5 | |
| 690 | @aJ528.1@v5 | |
| 701 | 0 | @a闻婷@Awen ting@4编著 |
| 801 | @aCN@b江苏凤凰@c20211018 | |
| 905 | @b1340176-9@dJ196.21@e168@f4 | |
| 青海热贡艺术/剪纸/闻婷编著.-长春:吉林出版集团有限责任公司,2019.1 |
| 159页:彩图;24cm.-(争奇斗艳的世界非物质文化遗产:彩图版;9) |
| ISBN 978-7-5534-5056-8:CNY27.80 |
| 本书包括热贡艺术是独具一格的民族艺术、热贡艺术——徘徊在古典与现代之间、唐卡是热贡艺术中最绚丽的风景、剪纸——中国最古老的民间艺术之一等内容。 |
| ● |
| 相关链接 |
|
|
|
|
正题名:青海热贡艺术/剪纸
索取号:J196.21/168
 
预约/预借
| 序号 | 登录号 | 条形码 | 馆藏地/架位号 | 状态 | 备注 |
| 1 | 1340176 | 213401763 | 第一样本阅览室/ [索取号:J196.21/168] | 在馆 | |
| 2 | 1340177 | 213401772 | 第一借阅区/ [索取号:J196.21/168] | 在馆 | |
| 3 | 1340178 | 213401781 | 第一借阅区/ [索取号:J196.21/168] | 在馆 | |
| 4 | 1340179 | 213401790 | 第一借阅区/ [索取号:J196.21/168] | 在馆 |